| 000 | 00412nam a2200145Ia 4500 | ||
|---|---|---|---|
| 008 | 230917s9999||||xx |||||||||||||| ||und|| | ||
| 040 |
_e197660 _aMAIN |
||
| 041 | _aEnglish | ||
| 082 | _a668.4 L515P | ||
| 100 | _aLee, Shau-Tarng | ||
| 245 | 0 | _aPolymeric foams: Technology and developments in regulation, process and products | |
| 260 |
_aBoca Raton _bCRC Press _c2009 |
||
| 300 | _axvii, 307 p. | ||
| 942 | _cBK | ||
| 999 |
_c158903 _d158903 |
||